Report on the activities of government for the ame (Record no. 696542)

MARC details
000 -LEADER
fixed length control field 00646nam a2200241Ia 4500
003 - CONTROL NUMBER IDENTIFIER
control field OSt
005 - DATE AND TIME OF LATEST TRANSACTION
control field 20220927110416.0
008 - FIXED-LENGTH DATA ELEMENTS--GENERAL INFORMATION
fixed length control field 220926b |||||||| |||| 00| 0 eng d
037 ## - SOURCE OF ACQUISITION
Terms of availability Reports
040 ## - CATALOGING SOURCE
Original cataloging agency RTL
Transcribing agency RTL
Language of cataloging eng
041 ## - LANGUAGE CODE
Source of code eng
Language code of text/sound track or separate title eng
110 ## - MAIN ENTRY--CORPORATE NAME
Corporate name or jurisdiction name as entry element Uttar Pradesh
9 (RLIN) 350962
245 #0 - TITLE STATEMENT
Title Report on the activities of government for the ame
490 ## - SERIES STATEMENT
Volume/sequential designation 1948
650 ## - SUBJECT ADDED ENTRY--TOPICAL TERM
Topical term or geographic name entry element Employment and service
700 ## - ADDED ENTRY--PERSONAL NAME
Personal name Uttar Pradesh
9 (RLIN) 350963
942 ## - ADDED ENTRY ELEMENTS (KOHA)
Classification part "X:95.252.N4t, L7"
Koha item type
Holdings
Withdrawn status Lost status Damaged status Not for loan Home library Current library Date acquired Serial Enumeration / chronology Total Checkouts Full call number Barcode Date last seen Price effective from Koha item type
        Ratan Tata Library Ratan Tata Library 2022-09-27 1948   "X:95.252.N4t L7" RTB-000291 2022-09-27 2022-09-27  
Copyright @ Delhi University Library System